000 00638nam a2200241Ia 4500
003 OSt
005 20220918193225.0
006 a|||||r|||| 00| 0
007 ta
008 220917b |||||||| |||| 00| 0 eng d
024 _a72,332
037 _cTextual
040 _aARTS
_cARTS
_beng
041 _2eng
_aeng
082 _aR43W, M3
100 _aBall Robert E
_981290
245 0 _aCrown the sages and supreme morality
260 _aLondon
_bRoutledge and Kegan Paul
_c1983
300 _axvi,203p.
_ccm.
650 _aSOCIAL ETHICS
_9763
942 _hR43W, M3
_cTEXL
_2CC
999 _c198333
_d198333